000 00378cam a2200169 4500
001 D12294
008 090401t1944 xxu||||| |||| 00| 0 eng d
035 _a(Sirsi) u2531
041 _aeng
110 _aBuilding Research Station
_9203
245 _aRepair of damaged buildings
260 _c1944
350 _a0
520 _aShelf 114
942 _n0
948 _c04/03/1997
999 _c85781
_d85781